|
|
|
|
| LEADER |
00000n m0a2200000 4500 |
| 001 |
217123 |
| 005 |
20241126063150.0 |
| 010 |
|
|
|a 9785392073849
|
| 035 |
|
|
|a (RuTPU)RU\TPU\book\237104
|
| 090 |
|
|
|a 217123
|
| 100 |
|
|
|a 20120531d2013 km y0rusy50 ca
|
| 101 |
0 |
|
|a rus
|
| 102 |
|
|
|a RU
|
| 105 |
|
|
|a y g 000zy
|
| 200 |
1 |
|
|a История России в датах
|e справочник
|f Л. В. Жукова, Л. А. Кацва
|
| 210 |
|
|
|a Москва
|c Проспект
|d 2013
|
| 215 |
|
|
|a 320 с.
|
| 330 |
|
|
|a Справочник содержит информацию о всех ключевых датах политической, экономической, социальной и военной истории России. Хронологический порядок изложения материала позволяет использоать книгу как средство оперативного поиска информации, для уточнения дат и исторических фактов. Максимальная информативность изложения поможет в сжатые сроки воссоздать ход российской истории, становления государственности, экономического, социально-политического и культурного развития российского общества с VII века до наших дней. Написанный преподавателем Московского государственного университета совместно с автором популярных школьных учебников справочник адресован студентам, абитуриентам, преподавателям и всем интересующимся российской историей.
|
| 606 |
|
|
|a Россия
|x История
|7 ca
|8 rus
|2 stltpush
|3 (RuTPU)RU\TPU\subj\64777
|9 81526
|
| 610 |
1 |
|
|a история России
|
| 610 |
1 |
|
|a Россия
|
| 610 |
1 |
|
|a даты
|
| 610 |
1 |
|
|a политическая история
|
| 610 |
1 |
|
|a экономическая история
|
| 610 |
1 |
|
|a социальная история
|
| 610 |
1 |
|
|a военная история
|
| 610 |
1 |
|
|a справочники
|
| 686 |
|
|
|a Т3(2)я2
|v LBC/SL-A
|2 rubbk
|
| 700 |
|
1 |
|a Жукова
|b Л. В.
|g Лекха Вильевна
|
| 701 |
|
1 |
|a Кацва
|b Л. А.
|g Леонид Александрович
|
| 801 |
|
1 |
|a RU
|b 63413507
|c 20120531
|
| 801 |
|
2 |
|a RU
|b 63413507
|c 20150429
|g RCR
|
| 942 |
|
|
|c BK
|
| 959 |
|
|
|a 87/20120531
|d 2
|e 130,00
|f ЧЗГЛ:1
|f АНЛ:1
|